| 000 | 00690nam a2200229 4500 | ||
|---|---|---|---|
| 003 | OSt | ||
| 005 | 20260601193843.0 | ||
| 008 | 260422b1977 sp |||| |||| 00| 0 spa d | ||
| 020 | _a8425206537 | ||
| 040 |
_aICI _bspa _cICI |
||
| 050 |
_aNX165 _bR47 |
||
| 100 | 1 |
_aRevault D'allonnes, Olivier, _931066 |
|
| 245 | 1 |
_aCreación artística y promesas de libertad / _cOlivier revault d'allonnes |
|
| 264 |
_b Gustavo Gili, | _c1977 _aBarcelona : |
||
| 300 |
_a286 páginas _c21cm. |
||
| 336 |
_atexto _2rdacontent |
||
| 337 |
_asin medio _2rdamedia |
||
| 338 |
_avolumen _2rdacarrier |
||
| 650 | 0 |
_aArte _xPsicología |
|
| 650 | 0 | _aCreación (Literaria, artística, etc.) | |
| 942 |
_2lcc _cB _n1 |
||
| 999 |
_c21529 _d21529 |
||